| 000 | 00449nam a2200181Ia 4500 | ||
|---|---|---|---|
| 005 | 20240823011136.0 | ||
| 008 | 240823s9999||||xx |||||||||||||| ||und|| | ||
| 082 | _A302.2 N8 | ||
| 100 | _aYadava J S | ||
| 245 | 0 | _aIssues in Mass Communication Vol 2 | |
| 250 | _a1st | ||
| 260 |
_c1998 _b"kanishka,New Delhi" |
||
| 500 | _aYES | ||
| 650 |
_aManagement _bManagement Studies |
||
| 700 | _a pradeep Mathur (ed) | ||
| 942 | _cBK | ||
| 999 |
_c160666 _d160666 |
||